Statistics for Moon Knight Quiz (SPOILERS)

Click here to take the quiz!

General Stats

  • This quiz has been taken 72 times
  • The average score is 7 of 9

Answer Stats

ActorRole% Correct
Oscar IsaacMarc Spector/Moon Knight
95%
Oscar IsaacSteven Grant/Mr. Knight
92%
Ethan HawkeArthur Harrow
87%
F. Murray AbrahamKhonshu
82%
Oscar IsaacJake Lockley
80%
May CalamawyLayla El-Faouly/Scarlet Scarab
79%
Saba MubarakAmmit
62%
Antonia SalibTaweret
56%
Gaspard UllielAnton Mogart
41%

Score Distribution

Percentile by Number Answered

Percent of People with Each Score

Your Score History

You have not taken this quiz